000 00532nam a22001817a 4500
005 20231026124954.0
008 231026b |||||||| |||| 00| 0 eng d
020 _a0273013793
041 _aEnglish
082 _a347.7 MIL
100 _aHolden, JM
_lEnglish
245 _aThe Law and Practice of Banking /
_cJM Holden
250 _aThird Edition
260 _aLondon:
_bPitman Publishing Limited,
_c1982
300 _blviii, 470 pages ;
_c22 cm.
650 _aLegal practice
_bLaw
942 _cBK
_6ALISON_BN_VRIES
999 _c87
_d87